|
|
|
|
| LEADER |
00000cam a2200000 a 4500 |
| 001 |
vtls008387970 |
| 003 |
SK-MaSNL |
| 005 |
20260301021008.0 |
| 008 |
250313s1944 xo c g 001 0 slo |
| 015 |
|
|
|a SNBA19451955-008300
|
| 035 |
|
|
|a SK01SNKBKSFS20010080187
|
| 035 |
|
|
|a urn:nbn:sk:snk-am3hth6
|
| 035 |
|
|
|a 402A589E-2B17-4CC3-9DF4-A27B0347E706
|
| 035 |
|
|
|a urn:nbn:sk:snk-am00d8py
|
| 035 |
|
|
|a SKM000082650
|
| 040 |
|
|
|a SNK
|b slo
|c SNK
|e AACR2
|
| 041 |
0 |
|
|a slo
|
| 044 |
|
|
|a xo
|c SK
|
| 080 |
|
|
|a 57
|2 1981
|
| 100 |
1 |
|
|a Novikov, Michail Michajlovič,
|d 1876-1964
|4 aut
|9 110491
|
| 245 |
1 |
0 |
|a Dejiny biologických teórií
|c M[ichal] Novikov
|
| 260 |
|
|
|a Turčiansky Sv. Martin
|b Matica slovenská
|c 1944
|e Turčiansky Sv. Martin
|f Neografia
|
| 300 |
|
|
|a 167, [4] s.
|b 14 obr. príl.
|c 24 cm
|
| 490 |
1 |
|
|a Spisy Prírodovedného odboru Matice slovenskej
|v sv. 2
|
| 500 |
|
|
|a Na obálke asi chybne uvedený rok 1946
|
| 504 |
|
|
|a Literatúra ; register
|
| 650 |
0 |
7 |
|a dejiny biológie
|2 SNKPH
|9 83172
|
| 655 |
|
7 |
|a monografie
|2 SNKPH
|9 70139
|
| 830 |
|
0 |
|a Spisy Prírodovedného odboru Matice slovenskej
|9 309233
|
| 852 |
|
|
|a Slovenská národná knižnica
|
| 958 |
|
|
|a NB
|
| 958 |
|
|
|a TL
|
| 958 |
|
|
|a OND
|
| 999 |
|
|
|c 564321
|d 566251
|
| 952 |
|
|
|a SNK
|b SNK
|y VYP
|7 0
|p 17A1547892
|o snkSC 3205/2 D1
|i snkXI. 754/55
|0 0
|1 0
|4 0
|d 2024-05-24
|l 0
|r 2026-02-23 13:53:14
|w 2026-02-23
|
| 952 |
|
|
|a SNK
|b SNK
|y VYP
|7 0
|p 17A1547893
|o snkSC 3205/2 D2
|i snkF 5838/62
|8 5
|0 0
|1 0
|4 0
|d 2024-05-24
|l 0
|r 2026-02-23 13:53:14
|w 2026-02-23
|
| 952 |
|
|
|a SNK
|b SNK
|y PREZ
|7 0
|p 17A0755059
|o snkSC 3205/2
|i snk 1113/46
|0 0
|1 0
|4 0
|d 2018-08-15
|f 1
|l 0
|r 2025-06-25 00:00:00
|w 2026-02-23
|